Cyberpunk: Edgerunners personnages - Statistiques

Statistiques générales
  • Ce quiz a été pris 424 fois
  • Le résultat moyen est 7 sur 23
Statistiques - réponses
Indices Réponse % Correct
Il aime le jaune fluo David Martinez
97%
Elle veut aller sur la Lune Lucy / Lucyna Kushinada
92%
Elle aime beaucoup les flingues Rebecca / Becca
81%
The Rock Cyberpunk Maine
66%
Pas le fruit ni l'animal Kiwi
57%
GROS FILS DE **** Adam Smasher
49%
Taxi man Falco
47%
La première fois on dirait un mec Dorio
36%
Pas les mamans ont à dit Gloria Martinez
35%
3 yeux Faraday
31%
Lonoooooooooooooog bras Pilar
26%
Il est obsédé Ripperdoc
20%
Le papa en question Tanaka
14%
Seulement dans le clip de musique Sasha Yakovleva
11%
Il à pas fait long feu Julio
8%
À des fantasmes chelou Jimmy Kurosaki
7%
Fils à papa Katsuo Tanaka
7%
Cyberpsycho de l'épisode 1 James Norris
4%
Osef 1 d'Arasaka Kate
4%
Il s'est fait chourer sa caisse Maxim Kuznetsov
4%
Osef 2 d'Arasaka Douglas
2%
Il connaît pas le droit du travail lui Evans
1%
David t'a abusé sur ce coup là Yumiko
1%
Aucun quiz correspondant
Distribution des résultats
% des personnes avec chaque résultat
Percentile par nombre de réponses
Votre historique - résultats
Vous n’avez pas pris ce quiz